Movies Quiz

Random Movies or Actor Quiz

You're New in the Sequel (Comedies) IV Quiz Stats

 Plays Quiz not verified by Sporcle

Challenge
Share
Tweet
Embed
Score 0/20 Timer 06:00
0 Plays Today
% Correct
Neighbors 2: Sorority Rising
70.8%
Barbershop: The Next Cut
69.4%
Zoolander 2
69.4%
Home Alone 3
65.3%
Scary Movie 4
47.2%
Harold & Kumar Escape from Guantanamo Bay
44.4%
The Princess Diaries 2: Royal Engagement
43.1%
My Big Fat Greek Wedding 2
43.1%
A Very Brady Sequel
43.1%
Little Fockers
40.3%
% Correct
Shadow of the Thin Man
38.9%
Sharknado 2: The Second One
37.5%
Mannequin 2: On the Move
36.1%
Army of Darkness
34.7%
Piranha 3DD
34.7%
Analyze That
31.9%
Shanghai Knights
30.6%
American Reunion
27.8%
Police Academy 4: Citizens on Patrol
27.8%
The Whole Ten Yards
20.8%

You're not logged in!

Compare scores with friends on all Sporcle quizzes.
Join for Free
OR
Log In

You Might Also Like...

Show Comments

Extras

Top Quizzes Today


Score Distribution

Your Account Isn't Verified!

In order to create a playlist on Sporcle, you need to verify the email address you used during registration. Go to your Sporcle Settings to finish the process.

Report this User

Report this user for behavior that violates our Community Guidelines.

Details: